Deyokanʾah di-Yerushalem : zeḳeneha u-tseʻireha : albom... /

Saved in:
Bibliographic Details
Main Author: Grayevsḳi, Pinḥas ben Tsevi, 1873-1941.
Format: Book
Language:Hebrew
Published: [Jerusalem] : [s.n.], [713, 1953]
Subjects:
Tags: Add Tag
No Tags, Be the first to tag this record!
LEADER 00600nam a22001937u 4500
001 000027878-5
005 20020606090541.3
008 030784|1953 is |||| ||||||0||||heb||
035 0 |a ocm19150743 
035 0 |a ocm77696306 
100 1 |a Grayevsḳi, Pinḥas ben Tsevi,  |d 1873-1941. 
245 1 0 |a Deyokanʾah di-Yerushalem :  |b zeḳeneha u-tseʻireha : albom... /  |c [ba-ʻarikhat M. D. Gaʾon] 
260 0 |a [Jerusalem] :  |b [s.n.],  |c [713, 1953] 
300 |a 1 v. :  |b (chiefly ill.) 
650 0 |a Jews  |z Jerusalem. 
651 0 |a Jerusalem  |x Biography. 
752 |a Israel  |d Jerusalem 
988 |a 20020608 
906 |0 MH